|
|
|
|
| LEADER |
01799nam a2200421 i 4500 |
| 001 |
001637513 |
| 003 |
CZ BrMZK |
| 005 |
20180730102724.0 |
| 007 |
ta |
| 008 |
180709t20182018xxua e f 001 0 eng |
| 020 |
|
|
|a 978-0-321-71412-1
|q (vázáno)
|
| 040 |
|
|
|a BOA001
|b cze
|e rda
|
| 044 |
|
|
|a xxu
|a at
|a bl
|a ch
|a fr
|a gw
|a ii
|a it
|a ja
|a ko
|a mx
|a ne
|a sa
|a si
|a sp
|a ts
|a xxc
|a xxk
|
| 072 |
|
7 |
|a 004.4/.6
|x Programování. Software
|2 Konspekt
|9 23
|
| 080 |
|
|
|a 004.438C++
|2 MRF
|
| 080 |
|
|
|a 004.42Visual C++
|2 MRF
|
| 080 |
|
|
|a (035)
|2 MRF
|
| 100 |
1 |
|
|a Vandevoorde, David
|7 mzk20181002174
|4 aut
|
| 245 |
1 |
0 |
|a C++ templates :
|b the complete guide /
|c David Vandevoorde, Nicolai M. Josuttis, Douglas Gregor
|
| 250 |
|
|
|a Second edition
|
| 264 |
|
1 |
|a Boston ;
|a Columbus ;
|a Indianapolis ;
|a New York ;
|a San Francisco ;
|a Amsterdam ;
|a Cape Town ;
|a Dubai ;
|a London ;
|a Madrid ;
|a Milan ;
|a Munich ;
|a Paris ;
|a Montreal ;
|a Toronto ;
|a Delhi ;
|a Mexico City ;
|a Sao Paulo ;
|a Sydney ;
|a Hong Kong ;
|a Seoul ;
|a Singapore ;
|a Taipei ;
|a Tokyo :
|b Addison-Wesley
|c [2018]
|
| 264 |
|
4 |
|c ©2018
|
| 300 |
|
|
|a xxxiv, 788 stran :
|b ilustrace ;
|c 24 cm
|
| 336 |
|
|
|a text
|b txt
|2 rdacontent
|
| 337 |
|
|
|a bez média
|b n
|2 rdamedia
|
| 338 |
|
|
|a svazek
|b nc
|2 rdacarrier
|
| 500 |
|
|
|a "Covers C++11 C++14, and C++17"--Obálka
|
| 500 |
|
|
|a Terminologický slovník
|
| 504 |
|
|
|a Obsahuje bibliografii, bibliografické odkazy a rejstřík
|
| 650 |
0 |
7 |
|a C++
|7 ph116956
|2 czenas
|
| 650 |
0 |
7 |
|a Microsoft Visual C++
|7 ph195835
|2 czenas
|
| 655 |
|
7 |
|a příručky
|7 fd133209
|2 czenas
|
| 700 |
1 |
|
|a Josuttis, Nicolai
|7 mzk2005278225
|4 aut
|
| 700 |
1 |
|
|a Gregor, Douglas
|4 aut
|
| 910 |
|
|
|a BOA001
|b 2-1408.922
|
| 990 |
|
|
|a BK
|
| 991 |
|
|
|b 201807
|c NOV
|
| 996 |
6 |
|
|b 2610747966
|c 2-1408.922
|l MZK
|r STM 6p
|n 0
|p kupz
|h 004.4 VAN
|w 001673459
|u 000010
|a 0
|e BOA001
|j MZK50
|s P
|